| 000 | 02290nam0a2200349 i 4500 | ||
|---|---|---|---|
| 001 | RU\NLR\BIBL_A\010566036 | ||
| 005 | 20260406020655.0 | ||
| 010 |
_a9785989961429 _9200 |
||
| 021 |
_aRU _b2014-79999 _94884 |
||
| 035 | _a(NILC)RuMoRGB-007572185 | ||
| 035 | _a(NLR Aleph) 010566036 | ||
| 090 |
_a10403721 _c10403721 |
||
| 100 | _a20141216d2014 k y0rusy50 ca | ||
| 101 | 0 | _arus | |
| 102 | _aRU | ||
| 105 | _ay|||z|||101yy | ||
| 200 | 1 |
_aПроблемы российского законодательства: история и современность _eматериалы XI международной научно-практической конференции, 20-21 февраля 2014 года, г. Тольятти _f[редкол.: Закомолдин Р.В., к.ю.н., доц. (отв. ред.) и др.] |
|
| 210 |
_aСамара _cСамарская гуманитарная академия _d2014 |
||
| 215 |
_a222 с. _d20 |
||
| 300 | _aВ надзаг.: Сам. гуманитар. акад. (г. Тольятти, Россия), Ин-т им. Катальдо Агостинелли (г. Челье Мессапика, Италия), Казах. гуманитар.-юрид. инновац. ун-т (г. Усть-Каменогорск, Казахстан) [и др.] | ||
| 320 | _aБиблиогр. в подстроч. примеч. | ||
| 606 | 1 |
_aПраво _jСъезды, совещания и т.п _yРоссийская Федерация _92070216 _3RU\NLR\AUTH\661244932 |
|
| 606 |
_aПраво _jСъезды, совещания и т.п _xИстория _yРоссия _9983077 _3RU\NLR\AUTH\6652001 |
||
| 686 | 1 | _aХ62я431 | |
| 686 | 1 | _aХ2(2)я431 | |
| 702 | 1 |
_4340 _8rus _7ca _aЗакомолдин _bР. В. _gРуслан Валериевич _3RU\NLR\AUTH\77122170 _9105095 |
|
| 711 | 1 | 2 |
_a"Проблемы российского законодательства: история и современность", международная научно-практическая конференция _d11 _eТольятти _f2014 _9436625 _3RU\NLR\AUTH\880385159 |
| 801 | 0 |
_aRU _bРГБ _c20141023 _gRCR |
|
| 942 | _cBOOK | ||
| 980 | _aNBR | ||